| 000 | 00379nam a2200145Ia 4500 | ||
|---|---|---|---|
| 005 | 20251222153648.0 | ||
| 008 | 251222s9999||||xx |||||||||||||| ||spa|| | ||
| 020 | _a8478809961 | ||
| 082 | _a801/V23 | ||
| 100 | _a Vallejo-Najera Zóbel, Alejandra | ||
| 245 | 0 | _aTribulaciones de una madre sufridora | |
| 250 | _a1ra .ed | ||
| 264 | _bEdiciones temas de hoy S.A | ||
| 942 | _cLIB | ||
| 999 |
_c33005 _d33005 |
||